000 00560nam a2200229Ia 4500
003 OSt
005 20220924150312.0
006 a|||||r|||| 00| 0
007 ta
008 220923b |||||||| |||| 00| 0 tel d
024 _a332702
037 _cTextual
040 _aARTS
_cARTS
_btel
041 _2tel
_atel
082 _aO35,1M85,1, J2
100 _aUmaralisha
_9221816
245 0 _aTabasande samu
260 _c1952
650 _aTELUGU POETRY
942 _hO35,1M85,1, J2
_cTEXL
_2CC
999 _c462916
_d462916